| 000 | 00871nam a2200253 i 4500 | ||
|---|---|---|---|
| 001 | 13171 | ||
| 003 | ES-MaACL | ||
| 005 | 20250816043439.0 | ||
| 007 | t| | ||
| 008 | 960926s1995 sp ||||0| spa j | ||
| 020 | _a84-7847-374-2 | ||
| 040 |
_aM-BN _bspa _cM-BN |
||
| 080 | _a73 Salamanca, Enrique (064.3) | ||
| 100 | 1 |
_aSalamanca, Enrique ( _d1943-) _9101704 |
|
| 245 | 1 | 0 |
_aEnrique Salamanca _b: esculturas : 27 de octubre al 26 de noviembre 1995 : [Museo Barjola]. |
| 260 |
_a[Oviedo] : _bServicio de Publicaciones del Principado de Asturias, _c[1995] |
||
| 300 |
_a69 p : _bil. col. y n ; _c23 x 22 cm. |
||
| 600 | 1 | 4 |
_aSalamanca, Enrique ( _d1943)- _vExposiciones. _9101705 |
| 655 | 7 |
_2tgfbne _9193628 _aCatálogos de exposiciones |
|
| 710 | 2 |
_aMuseo Juan Barjola _95886 |
|
| 852 |
_aES-MaACL _jL-20486 _bR.124850 |
||
| 942 | _2udc | ||
| 999 |
_c13171 _d13171 |
||